| 000 | 01616nam a2200313 i 4500 | ||
|---|---|---|---|
| 003 | EG-ScBUE | ||
| 005 | 20231031152319.0 | ||
| 008 | 171220s1992 su a f b 000 0aara d | ||
| 040 |
_aEG-ScBUE _bara _erda _cEG-ScBUE _dEG-ScBUE |
||
| 082 | 0 | 4 |
_a922.97 _bي ا ل _222 |
| 100 | 1 |
_aيالجن، مقداد، _eمؤلف. _98648 |
|
| 245 | 1 | 0 |
_aرحلة الدكتور مقداد يالجن الحاصل على جائزة الملك فيصل العالمية : _bرحلاته ومحاوراته وتجاربه العلمية ومرئياته في المشكلات المعاصرة خلال 42 عاما. |
| 246 | 3 |
_aرحلة الدكتور مقداد يالجن : _bرحلاته ومحاوراته وتجاربه العلمية ومرئياته في المشكلات المعاصرة خلال إثنان وأربعون عاما |
|
| 264 | 1 |
_aالرياض : _bدار عالم الكتب للطباعة والنشر والتوزيع، _c1992. |
|
| 300 |
_a436 صفحة : _bإيضاحيات ؛ _c24 سم. |
||
| 336 |
_2rdacontent _aنص _btxt |
||
| 337 |
_2rdamedia _aبدون وسيط _bn |
||
| 338 |
_2rdacarrier _aمجلد _bnc |
||
| 490 | 0 | _aالرحلات العلمية من الشرق والغرب | |
| 504 | _aيشتمل على إرجاعات ببليوجرافية. | ||
| 600 | 1 | 7 |
_aيالجن، مقداد، _vيوميات. _2BUEsh |
| 650 | 7 |
_aالعلماء الأتراك _vتراجم. _2BUEsh |
|
| 650 | 7 |
_aالعلوم الاجتماعية. _2BUEsh _920704 |
|
| 650 | 7 |
_aالعلوم الإسلامية. _2BUEsh |
|
| 651 | _2BUEsh | ||
| 653 |
_bGGEN _cDecember2017 |
||
| 655 | _vReading book | ||
| 942 | _2ddc | ||
| 999 |
_c25759 _d25731 |
||